La globalizacion ilustrada ciudadania, derechos humanos y constitucionalismo /

Detalles Bibliográficos
Autor principal: Julios-Campuzano, Alfonso de
Formato: Desconocido
Lenguaje:español
Publicado: Madrid : Dykinson, 2003
Materias:
Acceso en línea:Acceso restringido

MARC

LEADER 00000ny a22000003n 4500
005 20110627150158.0
006 m u
007 cr cn|||||||||
008 200507r2003 sp |||||s|||||||||||spa d
020 |a 9788497721615 
035 |a 290 
040 |a FlNmELB  |c FlNmELB  |d vLex 
050 1 4 |a JZ1318  |b J945 2003eb 
080 |a 330 
090 |c 1139  |d 1139 
100 1 |a Julios-Campuzano, Alfonso de 
245 1 3 |a La globalizacion ilustrada  |h [Recurso electrn̤ico]  |b ciudadania, derechos humanos y constitucionalismo /  |c Alfonso de Julios-Campuzano 
256 |a Servicio en ln̕ea 
260 |a Madrid :  |b Dykinson,  |c 2003 
300 |a [9]-177 p 
506 1 |a Contenido solo disponible en los productos indicados  |d vLex Global  |d vLex Global (Academic Edition, excluding Law Schools)  |d vLex Global (U.S. Academic Edition, Law Schools)  |d vLex Global (U.S. Academic Edition, excluding Law Schools)  |d vLex Global (Academic Edition, Law Schools) 
650 0 7 |2 Tesauro vLex  |a Constitucional 
650 0 7 |2 Tesauro vLex  |a Derechos humanos 
650 0 7 |2 Tesauro vLex  |a Derecho comunitario 
740 0 |a vLex Libros (Servicios en ln̕ea) 
856 4 0 |z Acceso restringido  |u http://vlex.com/source/290 
942 |c BOOK